|
|
|
|
| LEADER |
01030nam a2200241 a 4500 |
| 001 |
4144218 |
| 008 |
700415s1968 enka b 001 0 eng d |
| 010 |
|
|
|a 77364173
|
| 040 |
|
|
|a DLC
|c DLC
|d DLC
|
| 082 |
0 |
0 |
|a 660/.29/4
|
| 100 |
1 |
|
|a Elworthy, Peter Howard.
|
| 245 |
1 |
0 |
|a Solubilization by surface-active agents and its applications in chemistry and the biological sciences
|c [by] P. H. Elworthy, A. T. Florence [and] C. B. Macfarlane.
|
| 260 |
|
|
|a London,
|b Chapman & Hall,
|c 1968.
|
| 300 |
|
|
|a 335 p.
|b illus.
|c 23 cm.
|
| 504 |
|
|
|a Includes bibliographies and index.
|
| 541 |
1 |
|
|e 00012879
|
| 650 |
|
0 |
|a Solubilization.
|
| 650 |
|
0 |
|a Surface active agents.
|
| 700 |
1 |
|
|a Florence, A. T.
|q (Alexander Taylor),
|e joint author.
|
| 700 |
1 |
|
|a Macfarlane, Calum Brechin,
|e joint author.
|
| 852 |
4 |
|
|a Ayesha Abed Library
|j General shelf
|
| 999 |
|
|
|c 7460
|d 7460
|
| 952 |
|
|
|0 0
|1 0
|2 ddc
|4 0
|6 660_294000000000000_ELW
|7 0
|9 8008
|a BRACUL
|b BRACUL
|c GEN
|d 2010-02-10
|l 0
|o 660.294 ELW
|p 3010012879
|r 2010-02-10
|t 1
|w 2010-02-10
|y BK
|x Price not available in Register
|